15 Największych Miast w Chinach - Statystyki

Ogólne statystyki
  • Ten quiz został rozwiązany 51 razy
    39 od ostatniego zresetowania
  • Średni wynik to 9 z 15
Odpowiedzi na mapie
Odpowiedzi zakodowano w zielono-czerwonej skali na mapie do tego quizu, zgodnie z poniższymi procentami.
 
Statystyki odpowiedzi
Miasto Populacja % Poprawnych
Pekin 19 mln
100%
Guangzhou 16 mln
93%
Szanghaj 22 mln
93%
Shenzhen 17,4 mln
79%
Tiencin 11 mln
79%
Wuhan 10,5 mln
71%
Xian 9,4 mln
71%
Chongqing 9,5 mln
64%
Nankin 7,5 mln
64%
Chengdu 13,5 mln
57%
Hangzhou 9,2 mln
43%
Shenyang 7 mln
36%
Zhengzhou 6,5 mln
29%
Dongguan 9,6 mln
21%
Foshan 9 mln
14%
Nie znaleziono quizów pasujących do podanych kryteriów
Rozkład punktacji
Procent ludzi z każdym wynikiem
Percentyl według liczby udzielonych odpowiedzi
Twoja historia wyników
Nie rozwiązałeś tego quizu od ostatniego zresetowania